000 00686nam a2200229Ia 4500
003 GCL
008 140319s9999 xx 000 0 ara d
040 _aGCL /
_cGCL
082 0 4 _a812
_bم م
100 1 _aمحمد زغلول سلام
245 1 0 _aالمسرح والمجتمع فى مائة عام /
_cمحمد زغلول سلام
260 _a[S.N] :
_bمنشاة المعارف ،
_c1988
300 _a348 ص
490 _a
650 0 4 _aالادب العربى
650 0 4 _aمصر
650 0 4 _aالمسرحية العربية
650 0 4 _aالمسرح
650 0 4 _aالمسرحيات المصرية
650 0 4 _aالمسرح والمجتمع
942 _2ddc
_cBK
999 _c32573
_d32573